000 00329nam a2200133 i 4500
001 bg
100 1 _aGawenda, Józef.
245 1 0 _aNapęd i automatyka napędu elektrycznego w zadaniach /
_cJ. Gawenda.
260 _aKielce,
_c1985.
040 _cBPK
041 _apol
942 _cKS
008 s pl f |000 0 pol
999 _c2703
_d2703
856 _uhttp://koha.tu.koszalin.pl/cgi-bin/koha/opac-detail.pl?biblionumber=2703
_yKatalog online BPK